| 000 | 00477 a2200193 4500 | ||
|---|---|---|---|
| 005 | 20260430111621.0 | ||
| 008 | 260429b |||||||| |||| 00| 0 eng d | ||
| 020 |
_a9789367700952 _cRs. 2450.00 |
||
| 040 | _aMAIN | ||
| 082 |
_a330.1 _bG699P |
||
| 100 | _aGoswami, Smit | ||
| 245 | _aPrinciples of economics | ||
| 260 |
_bHorizon Press _c2025 _aJaipur |
||
| 300 | _aviii, 296 | ||
| 650 | _aEconomics | ||
| 650 | _aInvestment | ||
| 650 | _aEconomic Thought | ||
| 942 | _cBK | ||
| 999 |
_c395958 _d395958 |
||